Statistics for Barbie's Careers

Click here to take the quiz!

General Stats

  • This quiz has been taken 2,352 times
    (2,334 since last reset)
  • The average score is 47 of 126

Answer Stats

HintAnswer% Correct
2005Baby Doctor
96%
2006Baby Doctor
95%
2001Children's Doctor
95%
1988 | 1992Doctor
95%
2010Kid Doctor
95%
2009Newborn Baby Doctor
95%
1994Pediatrician
95%
2009Preschool Teacher
81%
1965 | 1985 | 1992 | +4 othersTeacher
81%
1961Nurse
80%
2005Pet Doctor
72%
2009 | 2010Pet Vet
72%
1985 | 1996Veterinarian
72%
1992 | 2001Chef
70%
1959Teenage Fashion Model
68%
2005American Idol Winner
66%
1991Music Video Star
65%
1971Singer
65%
1977Actress
63%
1965 | 1986 | 1994Astronaut
61%
2008Space Camp
61%
1990U.S. Air Force Pilot
59%
1999Pilot
58%
2010Ballroom Dancer
57%
1993Police Officer
53%
1992 | 2000 | 2004 | 2008Presidential Candidate
53%
1994Artist
49%
1985Dress Designer
49%
1967Junior Designer
49%
1995Firefighter
45%
2000Olympic Swimmer
43%
1984CEO
40%
1961Flight Attendant
37%
1966Pan Am Flight Attendant
37%
1973United Airlines Flight Attendant
37%
1997 | 2010Dentist
35%
1975Gymnast
35%
1996Olympic Gymnast
35%
2010Babysitter
34%
1993Army Medic
33%
1961 | 1976 | 1987 | 2006Ballerina
33%
1996Engineer
32%
1999Women's World Cup Soccer Player
30%
1995Lifeguard
29%
1999NBA Player
29%
1991Naval Petty Officer
28%
1998Professional WNBA Basketball Player
28%
1993Baseball Player
26%
1985 | 1999Business Executive
26%
1963Executive (Career Girl)
26%
2000Formula 1 Driver
26%
1999Major League Baseball Player
26%
1998 | 1999NASCAR Driver
26%
2009Equestrian
24%
1975Figure Skater
24%
1990Ice Capades Star
24%
1962Ice Skater
24%
2002Olympic Ice Skater
24%
1998Olympic Skater
24%
1973Surgeon
24%
1985TV News Reporter
24%
2010Race Car Driver
23%
2006Zoologist
23%
2007Baby Photographer
21%
1992Marine Corps Sergeant
19%
1986 | 1998Rock Star
17%
2010Rock Star
16%
1994Air Force Thunderbird Squadron Leader
13%
1975Olympic Athlete
13%
1975Downhill Skier
12%
2010News Anchor
12%
1994Scuba Diver
11%
2010Computer Engineer
10%
1982Concert Pianist
10%
1960Fashion Editor
10%
2003Producer
10%
1992Rap Musician
10%
2009Dog Washer
9%
1970 | 1984Aerobics Instructor
8%
1997Boutique Owner
8%
2009Dog Park Sitter
7%
1974 | 1979Miss America
7%
1997Paleontologist
7%
2009Dog Trainer/Competitor
6%
1989UNICEF Ambassador
6%
2010Snowboarder
5%
2002Art Teacher
4%
2007Ballet Teacher
4%
2007Pet Sitter
4%
1990Summit Diplomat
4%
2008Swim Instructor
4%
2009Animal Trainer
3%
2009Fashion Magazine Intern
3%
2001Sign Language Teacher
3%
1989Doctor Army Officer
2%
2010Pizza Chef
2%
2008Soccer Coach
2%
1962Tennis Pro
2%
2008TV Chef
2%
2009Gymnastics Coach
1%
1993Radio City Music Hall Rockette
1%
2008Zoo Doctor
1%

Score Distribution

Percentile by Number Answered

Percent of People with Each Score

Your Score History

You have not taken this quiz since the last reset